[Event "4NCL Online Division 2"]
[Site "online"]
[Date "2020.06.02"]
[Round "9.114"]
[White "Warren, Alex M"]
[Black "Ortiz Sanchez, Luis"]
[Result "1-0"]
[WhiteElo "1960"]
[BlackElo "1982"]
[PlyCount "107"]
[EventDate "2020.06.02"]
[WhiteTeam "CSC 2"]
[BlackTeam "Mushrooms 1"]

1. d4 d5 2. Bf4 Nf6 3. e3 e6 4. Nd2 c5 5. c3 Nc6 6. Ngf3 Bd6 7. Bg3 O-O 8. Bd3
b6 9. Ne5 Bb7 10. f4 Ne7 11. Bf2 Ne4 12. Qh5 g6 13. Qe2 Qc7 14. h4 Nf5 15. Bxe4
dxe4 16. g4 Bxe5 17. dxe5 Ne7 18. h5 a5 19. Bh4 Nd5 20. Bf6 a4 21. Qf2 a3 22.
b3 c4 23. b4 b5 24. Rc1 Qb6 25. Nf1 Ra7 26. Rh3 Bc6 27. Qh4 Nxf6 28. exf6 Rd8
29. Qg5 Kf8 30. Qh6+ Ke8 31. Qxh7 gxh5 32. Rxh5 Kd7 33. Qxf7+ Kc8 34. Qxe6+ Kb8
35. f7 Rc7 36. Qf6 Rcc8 37. Rc5 Rf8 38. g5 Qb7 39. g6 Ka7 40. Rd1 Rc7 41. Qd6
Qc8 42. f5 Kb7 43. Qe5 Rd7 44. Rxb5+ Bxb5 45. Qxb5+ Ka8 46. Qxd7 Qb8 47. g7
Rxf7 48. Qxf7 Qc7 49. g8=Q+ Kb7 50. Qxc7+ Kxc7 51. Qf7+ Kc6 52. Qe6+ Kb5 53.
Rd5+ Ka4 54. Qa6# 1-0

[Event "4NCL Online Division 2"]
[Site "online"]
[Date "2020.06.02"]
[Round "9.121"]
[White "Brown, Thomas"]
[Black "Salmons, Calum"]
[Result "1-0"]
[WhiteElo "2129"]
[BlackElo "2065"]
[PlyCount "97"]
[EventDate "2020.06.02"]
[WhiteTeam "Rhyfelwyr Essyllwg"]
[BlackTeam "Sussex Starlings"]

1. d4 Nf6 2. Bf4 d5 3. e3 e6 4. Nd2 Bd6 5. Bg3 O-O 6. Bd3 b6 7. Qe2 c5 8. c3
Bb7 9. Rd1 Qe7 10. Ngf3 Nbd7 11. Ne5 h6 12. O-O Ne4 13. Bxe4 dxe4 14. Nxd7 Qxd7
15. dxc5 Bxg3 16. hxg3 Qa4 17. b3 Qxa2 18. Ra1 Qc2 19. Rfc1 Qd3 20. Qxd3 exd3
21. cxb6 axb6 22. f3 Rfc8 23. c4 Kf8 24. Kf2 Ke7 25. e4 b5 26. Rxa8 Bxa8 27.
Ke3 bxc4 28. Rxc4 Bb7 29. Rxc8 Bxc8 30. Kxd3 Kd6 31. Nc4+ Kc5 32. Kc3 f6 33.
b4+ Kc6 34. e5 Ba6 35. f4 Kd5 36. exf6 gxf6 37. Ne3+ Ke4 38. Ng4 f5 39. Nxh6
Bf1 40. Nf7 Bxg2 41. Kc4 Ke3 42. Kc5 Kf2 43. Kd6 Kxg3 44. Ke5 Kh4 45. b5 Kh5
46. b6 Kg6 47. Nd6 Kg7 48. b7 Bxb7 49. Nxb7 1-0

[Event "4NCL Online Division 2"]
[Site "online"]
[Date "2020.06.02"]
[Round "9.122"]
[White "Howell, Oliver W"]
[Black "Hewitt, William"]
[Result "1-0"]
[WhiteElo "2057"]
[BlackElo "1997"]
[PlyCount "99"]
[EventDate "2020.06.02"]
[WhiteTeam "Sussex Starlings"]
[BlackTeam "Rhyfelwyr Essyllwg"]

1. Nf3 Nf6 2. c4 d5 3. cxd5 Nxd5 4. Nc3 g6 5. g3 Nb6 6. Bg2 Bg7 7. O-O Nc6 8.
d3 O-O 9. Be3 e5 10. Qd2 Re8 11. Bg5 f6 12. Bh6 Be6 13. Bxg7 Kxg7 14. a3 Nd4
15. Nxd4 exd4 16. Ne4 Bd5 17. Qb4 Bc6 18. Rac1 a5 19. Qd2 Ra7 20. h4 Qe7 21.
Qc2 f5 22. Ng5 Bxg2 23. Kxg2 c6 24. Rfe1 f4 25. Qc5 Qxc5 26. Rxc5 fxg3 27. Kxg3
Nd7 28. Rc4 c5 29. Ne4 b5 30. Rc2 Rc7 31. Rec1 Rec8 32. b4 axb4 33. axb4 c4 34.
Nd6 Rb8 35. dxc4 bxc4 36. Rxc4 Rxc4 37. Rxc4 Ne5 38. Rxd4 Nc6 39. Rc4 Nxb4 40.
Rc7+ Kf6 41. Rxh7 Rd8 42. Ne4+ Kf5 43. Rf7+ Ke5 44. Ng5 Rc8 45. Re7+ Kf6 46.
Re6+ Kg7 47. Rd6 Rc3+ 48. f3 Nc6 49. Ne6+ Kf7 50. Rxc6 1-0

[Event "4NCL Online Division 2"]
[Site "online"]
[Date "2020.06.02"]
[Round "9.123"]
[White "May, Adam J"]
[Black "Sutton, Daniel"]
[Result "0-1"]
[WhiteElo "1950"]
[BlackElo "2005"]
[PlyCount "136"]
[EventDate "2020.06.02"]
[WhiteTeam "Rhyfelwyr Essyllwg"]
[BlackTeam "Sussex Starlings"]

1. d4 d5 2. Nf3 Nf6 3. g3 e6 4. Bg2 Be7 5. O-O O-O 6. c4 Nbd7 7. Qc2 b6 8. cxd5
exd5 9. Qc6 Ba6 10. Nc3 Rc8 11. Bf4 Nb8 12. Qa4 Qd7 13. Qc2 Rfd8 14. Rfd1 Bb7
15. Ne5 Qe8 16. e4 dxe4 17. Bh3 Nbd7 18. Nxd7 Nxd7 19. Nxe4 c5 20. d5 Ra8 21.
Ng5 Bxg5 22. Bxg5 f6 23. Bf4 Kh8 24. Bc7 Rdc8 25. d6 Bc6 26. Re1 Qh5 27. Qf5
Qxf5 28. Bxf5 Re8 29. Kf1 Bb5+ 30. Kg2 Bc6+ 31. f3 Ne5 32. Be4 Bxe4 33. Rxe4
Nc6 34. Rae1 Rxe4 35. Rxe4 Kg8 36. Re2 Kf7 37. Kf2 Re8 38. Rd2 Ra8 39. h4 Ke6
40. Re2+ Kd7 41. f4 Re8 42. Rd2 Re6 43. b3 Nd4 44. Bb8 Nc6 45. Bc7 Nd4 46. b4
Nb5 47. bxc5 bxc5 48. Bb8 Nxd6 49. Bxa7 Kc6 50. Rc2 Ne4+ 51. Kf3 f5 52. Bb8 g6
53. Be5 Re8 54. h5 Ra8 55. hxg6 hxg6 56. g4 Ra3+ 57. Ke2 fxg4 58. Kf1 Kd5 59.
Bc7 c4 60. Be5 g5 61. Bb2 Rf3+ 62. Kg2 gxf4 63. a4 Rh3 64. Rc1 f3+ 65. Kg1 f2+
66. Kg2 Rg3+ 67. Kh2 Rd3 68. a5 Rd2 0-1

[Event "4NCL Online Division 2"]
[Site "online"]
[Date "2020.06.02"]
[Round "9.124"]
[White "Bennet-Stevens, Lucy"]
[Black "McGregor, John"]
[Result "1-0"]
[WhiteElo "1975"]
[BlackElo "1868"]
[PlyCount "83"]
[EventDate "2020.06.02"]
[WhiteTeam "Sussex Starlings"]
[BlackTeam "Rhyfelwyr Essyllwg"]

1. e4 d5 2. exd5 Nf6 3. Nc3 Nxd5 4. d4 Nxc3 5. bxc3 e6 6. Nf3 Be7 7. Bd3 O-O 8.
O-O Bd7 9. Rb1 Bc6 10. Ne5 Qe8 11. Re1 Nd7 12. Nxc6 bxc6 13. Bf4 Bd6 14. Qf3
Nf6 15. Bg5 Be7 16. Bxf6 Bxf6 17. Be4 Rb8 18. Bxc6 Qe7 19. Rb3 Rb6 20. Be4 g6
21. Rd1 Rd8 22. h3 Bg7 23. Qe3 Qf6 24. Ra3 a6 25. Qe2 Qf4 26. Bd3 Qd6 27. Rxa6
Rxa6 28. Bxa6 Qa3 29. Bc4 Qxc3 30. d5 e5 31. Bb3 Qc5 32. Qf3 Qe7 33. a4 Rd6 34.
Qe2 e4 35. a5 f5 36. a6 Kh8 37. a7 Qd8 38. Qb5 Rb6 39. Qa5 Qa8 40. d6 Rxd6 41.
Rxd6 cxd6 42. Bd5 1-0

[Event "4NCL Online Division 2"]
[Site "online"]
[Date "2020.06.02"]
[Round "9.131"]
[White "Pink, Joshua"]
[Black "Nataraj, Nakul"]
[Result "0-1"]
[WhiteElo "2042"]
[BlackElo "2095"]
[PlyCount "44"]
[EventDate "2020.06.02"]
[WhiteTeam "Throw in the Tal"]
[BlackTeam "Oxford 2"]

1. c4 Nf6 2. d4 g6 3. Nc3 Bg7 4. e4 d6 5. h3 O-O 6. Bg5 Na6 7. Be2 Qe8 8. Qd2
e5 9. d5 Nc5 10. Bxf6 Bxf6 11. b4 Nd7 12. g4 a5 13. g5 axb4 14. Nb5 Bd8 15. h4
Nc5 16. Qe3 Qe7 17. h5 c6 18. hxg6 fxg6 19. Nxd6 Qxd6 20. Nf3 Bg4 21. Nh2 Bxe2
22. Kxe2 Ra3 0-1

[Event "4NCL Online Division 2"]
[Site "online"]
[Date "2020.06.02"]
[Round "9.132"]
[White "Olehnovics, Andrejs"]
[Black "Goodwin, Ed H"]
[Result "1-0"]
[WhiteElo "2035"]
[BlackElo "1930"]
[PlyCount "37"]
[EventDate "2020.06.02"]
[WhiteTeam "Oxford 2"]
[BlackTeam "Throw in the Tal"]

1. d4 e6 2. Nf3 f5 3. g3 Nf6 4. Bg2 Be7 5. O-O O-O 6. c4 d6 7. b3 Ne4 8. Bb2
Bf6 9. Nbd2 c5 10. Qc2 Nxd2 11. Qxd2 Nd7 12. Rad1 Qe7 13. Rfe1 e5 14. dxc5 dxc5
15. e4 f4 16. gxf4 exf4 17. e5 Bg5 18. Qd5+ Kh8 19. e6 1-0

[Event "4NCL Online Division 2"]
[Site "online"]
[Date "2020.06.02"]
[Round "9.133"]
[White "Graff, Ben"]
[Black "Hayward, Philip"]
[Result "1/2-1/2"]
[WhiteElo "1892"]
[BlackElo "2080"]
[PlyCount "55"]
[EventDate "2020.06.02"]
[WhiteTeam "Throw in the Tal"]
[BlackTeam "Oxford 2"]

1. d4 f5 2. Bf4 Nf6 3. Nc3 e6 4. Qd3 Bb4 5. a3 Bxc3+ 6. Qxc3 Nd5 7. Qg3 Nxf4 8.
Qxf4 O-O 9. Nf3 b6 10. e3 Bb7 11. Bc4 Rf6 12. O-O-O d6 13. Rhg1 Nd7 14. g4 Bxf3
15. Qxf3 fxg4 16. Qxg4 Qe7 17. f4 Raf8 18. Rg3 Kh8 19. Bd3 Rh6 20. Rdg1 Rg8 21.
Rh3 Nf6 22. Qf3 Rxh3 23. Qxh3 e5 24. fxe5 dxe5 25. dxe5 Qxe5 26. Rg6 Qe7 27.
Rg3 Re8 28. Qh4 1/2-1/2

[Event "4NCL Online Division 2"]
[Site "online"]
[Date "2020.06.02"]
[Round "9.134"]
[White "Wilson, Edgar"]
[Black "Woolgar, Steven G"]
[Result "1/2-1/2"]
[WhiteElo "2012"]
[BlackElo "1615"]
[PlyCount "149"]
[EventDate "2020.06.02"]
[WhiteTeam "Oxford 2"]
[BlackTeam "Throw in the Tal"]

1. e4 c5 2. Nf3 d6 3. d4 cxd4 4. Nxd4 Nf6 5. Nc3 a6 6. Be2 e5 7. Nb3 Be7 8. O-O
O-O 9. Be3 Be6 10. Qd2 d5 11. exd5 Nxd5 12. Nc5 Nxe3 13. Qxe3 Bxc5 14. Qxc5 Nc6
15. Bf3 Qc7 16. Rfe1 f6 17. Rad1 Rad8 18. h3 Qc8 19. Bd5 Kh8 20. Rd2 Bxd5 21.
Nxd5 Nd4 22. Qxc8 Rxc8 23. c3 Rcd8 24. c4 g5 25. f3 Kg7 26. Kf2 Rc8 27. Rc1
Rfd8 28. Ne3 Kg6 29. Rdd1 Kf7 30. b4 Ke6 31. Nd5 b5 32. Ne3 bxc4 33. Nxc4 Rc6
34. Na5 Rb6 35. a3 Rdb8 36. Rc7 h5 37. Rdc1 Nb5 38. R1c6+ Kf5 39. Rxb6 Rxb6 40.
Rh7 h4 41. a4 Nc3 42. Nc4 Rxb4 43. Ne3+ Ke6 44. a5 Ra4 45. Rc7 Ra2+ 46. Kf1 Nb5
47. Rc6+ Kf7 48. Rxa6 Ra1+ 49. Kf2 Nd4 50. Ra7+ Kg6 51. a6 Ra2+ 52. Kf1 Nb5 53.
Rb7 Nd6 54. Rb6 Nc8 55. Rb8 Na7 56. Rb6 Nc8 57. Rc6 Na7 58. Rd6 Nb5 59. Rb6 Nc7
60. Rb7 Nxa6 61. Rb6 Nc5 62. Nd5 Ra6 63. Rb8 Rd6 64. Ne3 Ne6 65. Ng4 Nf4 66.
Rf8 Nh5 67. Kf2 Rd2+ 68. Ke3 Rd6 69. Ra8 Nf4 70. Ra2 Rd3+ 71. Kf2 Rd6 72. Ne3
Rb6 73. g3 hxg3+ 74. Kxg3 Nh5+ 75. Kg2 1/2-1/2

[Event "4NCL Online Division 2"]
[Site "online"]
[Date "2020.06.02"]
[Round "9.141"]
[White "Lock, Gavin R"]
[Black "MacQueen, Stuart"]
[Result "1-0"]
[WhiteElo "2107"]
[BlackElo "2095"]
[PlyCount "85"]
[EventDate "2020.06.02"]
[WhiteTeam "Wessex Some Stars A"]
[BlackTeam "Schach Attack"]

1. d4 d5 2. Nf3 Nf6 3. c4 e6 4. Nc3 Be7 5. Bg5 O-O 6. e3 b6 7. cxd5 exd5 8. Bd3
h6 9. Bh4 Be6 10. Rc1 Nbd7 11. O-O c5 12. dxc5 bxc5 13. Re1 Qb6 14. b3 Rfd8 15.
Qe2 Bg4 16. h3 Bxf3 17. Qxf3 Ne5 18. Qe2 Nxd3 19. Qxd3 g5 20. Bg3 Rac8 21. Qf5
Qe6 22. Qf3 Bf8 23. e4 d4 24. e5 Ne8 25. Ne4 Qg6 26. Red1 Be7 27. Bh2 Ng7 28.
g4 Ne6 29. Bg3 a5 30. Rc4 Rd7 31. Kg2 Rcd8 32. Rd3 Rd5 33. Ra4 Nf4+ 34. Bxf4
gxf4 35. Qxf4 Bg5 36. Nxg5 hxg5 37. Qf3 Rxe5 38. Rxa5 c4 39. Rxd4 Rxd4 40. Rxe5
cxb3 41. axb3 Rf4 42. Qc3 f6 43. Re7 1-0

[Event "4NCL Online Division 2"]
[Site "online"]
[Date "2020.06.02"]
[Round "9.142"]
[White "Moyse, Nigel John"]
[Black "Wilson, Jaimie"]
[Result "1-0"]
[WhiteElo "2035"]
[BlackElo "2097"]
[PlyCount "121"]
[EventDate "2020.06.02"]
[WhiteTeam "Schach Attack"]
[BlackTeam "Wessex Some Stars A"]

1. d4 d5 2. Bf4 Nf6 3. e3 Bg4 4. Nf3 e6 5. c3 Nbd7 6. Nbd2 Bd6 7. Qb3 Rb8 8.
Ne5 Bf5 9. Be2 O-O 10. O-O Ne4 11. Nxe4 Bxe4 12. f3 Bf5 13. g4 Bg6 14. Nxg6
hxg6 15. Bxd6 cxd6 16. Rae1 Re8 17. c4 dxc4 18. Bxc4 b5 19. Bd3 Qb6 20. Rc1 g5
21. Rc2 e5 22. Rfc1 exd4 23. Rc6 Qa5 24. exd4 Re1+ 25. Rxe1 Qxe1+ 26. Bf1 Re8
27. Qc3 Qxc3 28. bxc3 Re3 29. Kf2 Re6 30. Bxb5 Nb6 31. Rc7 a5 32. c4 Kh7 33.
Rxf7 d5 34. cxd5 Nxd5 35. Bc4 Rd6 36. Bxd5 Rxd5 37. Ke3 Rb5 38. Rf5 Rb2 39.
Rxa5 Rxh2 40. a4 Kg6 41. Ra6+ Kf7 42. Ke4 Re2+ 43. Kf5 Re3 44. Ra7+ Kf8 45.
Kxg5 Rxf3 46. d5 Rd3 47. Ra5 Rd4 48. Kf5 Kf7 49. g5 g6+ 50. Ke5 Rd1 51. Ra7+
Kf8 52. Kf6 Ke8 53. Ke6 Re1+ 54. Kd6 Rg1 55. Ke6 Re1+ 56. Kf6 Rd1 57. Ra5 Kd7
58. Kxg6 Rg1 59. Kf6 Kd6 60. g6 Rf1+ 61. Kg7 1-0

[Event "4NCL Online Division 2"]
[Site "online"]
[Date "2020.06.02"]
[Round "9.143"]
[White "Pye, David E"]
[Black "Alizada, Eldar"]
[Result "1/2-1/2"]
[WhiteElo "2055"]
[BlackElo "2057"]
[PlyCount "171"]
[EventDate "2020.06.02"]
[WhiteTeam "Wessex Some Stars A"]
[BlackTeam "Schach Attack"]

1. d4 Nf6 2. Nc3 d5 3. Bg5 e6 4. e4 dxe4 5. Nxe4 Be7 6. Bxf6 Bxf6 7. Nf3 O-O 8.
Qd2 b6 9. c3 Bb7 10. Bd3 Nd7 11. O-O-O a5 12. Kb1 a4 13. a3 c5 14. dxc5 Nxc5
15. Nxc5 bxc5 16. Bxh7+ Kh8 17. Qxd8 Rfxd8 18. Bc2 Bd5 19. Rhe1 Rdb8 20. Ne5
Kg8 21. g3 Ra7 22. Rd2 g6 23. Kc1 Kg7 24. h4 Rh8 25. f4 Bd8 26. Be4 Bxe4 27.
Rxe4 Bf6 28. Rd7 Rha8 29. Rxa7 Rxa7 30. Kc2 Bxe5 31. Rxe5 Rc7 32. b3 axb3+ 33.
Kxb3 Rb7+ 34. Kc4 Ra7 35. Kxc5 Rxa3 36. Kb4 Ra1 37. Re3 Kf8 38. c4 Ke7 39. Ra3
Rb1+ 40. Kc5 Rc1 41. Ra7+ Kf6 42. Kb5 Rg1 43. Ra3 e5 44. fxe5+ Kxe5 45. c5 Rb1+
46. Kc6 Rc1 47. Rd3 f5 48. Rd6 Rc3 49. Rxg6 Kd4 50. Rd6+ Ke5 51. Rg6 Kd4 52.
Kb6 Rb3+ 53. Kc7 Kxc5 54. h5 Ra3 55. Rg5 Kd5 56. Rxf5+ Ke6 57. Rg5 Kf6 58. Rg6+
Kf7 59. g4 Rd3 60. Kc6 Rd2 61. Kc5 Rd1 62. Rg5 Kf6 63. Rf5+ Ke6 64. Rf8 Ke7 65.
Rg8 Kf7 66. Rg6 Rd2 67. Kc4 Rd1 68. Rg5 Kf6 69. Rf5+ Ke6 70. Rg5 Kf6 71. Rd5
Rg1 72. Rd4 Kg5 73. Kd5 Re1 74. Re4 Rd1+ 75. Ke6 Rf1 76. Ke5 Rf2 77. Kd4 Rf1
78. Kd3 Rf8 79. Ke3 Rf7 80. Kd4 Rf1 81. Kd5 Rf2 82. Ke6 Rf1 83. Re5+ Kxg4 84.
h6 Rh1 85. Kf7 Rxh6 86. Re4+ 1/2-1/2

[Event "4NCL Online Division 2"]
[Site "online"]
[Date "2020.06.02"]
[Round "9.144"]
[White "Burrows, Nick"]
[Black "Pleasants, Allan J"]
[Result "0-1"]
[WhiteElo "2072"]
[BlackElo "2001"]
[PlyCount "68"]
[EventDate "2020.06.02"]
[WhiteTeam "Schach Attack"]
[BlackTeam "Wessex Some Stars A"]

1. Nf3 g6 2. d4 Bg7 3. g3 Nf6 4. Bg2 O-O 5. O-O d6 6. b3 Nbd7 7. Bb2 c5 8. c4
Rb8 9. Nc3 a6 10. Re1 b5 11. cxb5 axb5 12. dxc5 dxc5 13. e4 Ng4 14. Qe2 e6 15.
h3 Nge5 16. Nxe5 Bxe5 17. Nd1 Ba6 18. Ne3 Qb6 19. Ng4 Bxb2 20. Qxb2 h5 21. Nf6+
Nxf6 22. Qxf6 c4 23. Red1 Rfd8 24. e5 Rd4 25. Bf3 Rbd8 26. Rxd4 Rxd4 27. Rd1
Rxd1+ 28. Bxd1 Bb7 29. Bf3 Bxf3 30. Qxf3 Qd4 31. Kf1 c3 32. Qe2 Qc5 33. Qc2 b4
34. f4 Qe3 0-1

[Event "4NCL Online Division 2"]
[Site "online"]
[Date "2020.06.02"]
[Round "9.151"]
[White "Burrows, Martin P"]
[Black "Sedykh, Mikhail"]
[Result "0-1"]
[WhiteElo "2125"]
[BlackElo "2215"]
[PlyCount "68"]
[EventDate "2020.06.02"]
[WhiteTeam "Wigston 1"]
[BlackTeam "Catford Cosmonauts 1"]

1. c4 e5 2. Nc3 Nc6 3. Nf3 f5 4. d4 e4 5. Bg5 Be7 6. Bxe7 Ngxe7 7. Ng1 O-O 8.
e3 Kh8 9. Nge2 d5 10. Nf4 dxc4 11. Bxc4 Na5 12. Be2 b6 13. f3 exf3 14. Bxf3 c6
15. O-O Qd6 16. Re1 Bd7 17. g3 Rad8 18. e4 Bc8 19. Nfe2 fxe4 20. Nxe4 Qh6 21.
Nf4 Nf5 22. d5 cxd5 23. Nxd5 Nc4 24. Nec3 Nce3 25. Rxe3 Nxe3 26. Qe2 Nxd5 27.
Bxd5 Bb7 28. Rd1 Bxd5 29. Nxd5 Qg5 30. Nf4 Rxd1+ 31. Qxd1 Rd8 32. Qe2 Qc5+ 33.
Kg2 Qc6+ 34. Kg1 Qc1+ 0-1

[Event "4NCL Online Division 2"]
[Site "online"]
[Date "2020.06.02"]
[Round "9.152"]
[White "Orlovska, Madara"]
[Black "Horspool, Philip J"]
[Result "1-0"]
[WhiteElo "2110"]
[BlackElo "2057"]
[PlyCount "87"]
[EventDate "2020.06.02"]
[WhiteTeam "Catford Cosmonauts 1"]
[BlackTeam "Wigston 1"]

1. d4 Nf6 2. Nc3 d5 3. Bf4 c6 4. Qd2 Bf5 5. f3 e6 6. g4 Bg6 7. h4 h6 8. e3 Be7
9. O-O-O Nbd7 10. Bd3 Bxd3 11. cxd3 Qa5 12. Kb1 Qa6 13. Nge2 b5 14. Ng3 Nb6 15.
g5 hxg5 16. hxg5 Rxh1 17. Rxh1 Ng8 18. Rh8 O-O-O 19. Rh7 Qa5 20. Rxg7 Rf8 21.
e4 Kd7 22. Nxd5 Qxd2 23. Nxb6+ axb6 24. Bxd2 Ke8 25. e5 c5 26. Be3 Kd7 27. Ne4
Kc6 28. Kc2 cxd4 29. Bxd4 Kd5 30. Bxb6 Kxe5 31. Kd2 Bb4+ 32. Ke3 Ne7 33. Bd4+
Kd5 34. Nf6+ Kc6 35. Ke4 Nf5 36. Rh7 Ng3+ 37. Kf4 Ne2+ 38. Ke3 Ng3 39. Be5 Nf5+
40. Ke4 Bd2 41. f4 Bc1 42. Rh2 Ng3+ 43. Kf3 Nf1 44. Rc2+ 1-0

[Event "4NCL Online Division 2"]
[Site "online"]
[Date "2020.06.02"]
[Round "9.153"]
[White "Morley, Andrew J"]
[Black "Vidruska, Renate"]
[Result "0-1"]
[WhiteElo "2065"]
[BlackElo "2045"]
[PlyCount "92"]
[EventDate "2020.06.02"]
[WhiteTeam "Wigston 1"]
[BlackTeam "Catford Cosmonauts 1"]

1. e4 e5 2. Nf3 Nf6 3. d4 Nxe4 4. Bd3 d5 5. Nxe5 Nd7 6. O-O Nxe5 7. dxe5 Be7 8.
c3 Nc5 9. Bc2 O-O 10. b4 Ne4 11. f3 Ng5 12. Qd3 g6 13. Qe2 f5 14. Rd1 c6 15.
Nd2 Qb6+ 16. Kh1 a5 17. bxa5 Qxa5 18. Bb2 Ne6 19. Nb3 Qb6 20. c4 Qa6 21. Nd2 d4
22. Nf1 c5 23. g3 Qc6 24. Qg2 b6 25. f4 Qc7 26. Nd2 Bb7 27. Nf3 g5 28. fxg5
Nxg5 29. Rf1 Nxf3 30. Rxf3 Qxe5 31. Qf2 Bg5 32. Rf1 Be3 33. Qe2 Rxa2 34. Bc1
Bxf3+ 35. Rxf3 Ra1 36. Rf1 Qe6 37. Bxe3 Rxf1+ 38. Qxf1 dxe3 39. Bd1 Qe4+ 40.
Bf3 Qe5 41. Qd1 Re8 42. Bd5+ Kh8 43. Qe2 f4 44. gxf4 Qxf4 45. Qb2+ Qe5 46. Qe2
Rf8 0-1

[Event "4NCL Online Division 2"]
[Site "online"]
[Date "2020.06.02"]
[Round "9.154"]
[White "Roberts, Mike"]
[Black "Kerbel, Sasha"]
[Result "1-0"]
[WhiteElo "2027"]
[BlackElo "1780"]
[PlyCount "65"]
[EventDate "2020.06.02"]
[WhiteTeam "Catford Cosmonauts 1"]
[BlackTeam "Wigston 1"]

1. e4 e5 2. Nc3 Nf6 3. g3 Bc5 4. Bg2 O-O 5. Nge2 d6 6. O-O a6 7. h3 Be6 8. d3
Qd7 9. Kh2 Nc6 10. f4 exf4 11. gxf4 Qe7 12. d4 Bb6 13. d5 Bd7 14. dxc6 Bxc6 15.
Ng3 g6 16. Qd3 h5 17. Be3 h4 18. Nge2 d5 19. e5 Ne4 20. Bxb6 cxb6 21. Bxe4 dxe4
22. Nxe4 Rad8 23. Nd6 Kh8 24. Rad1 g5 25. Rg1 f6 26. Qg6 Bf3 27. Nf5 Qh7 28.
Qxh7+ Kxh7 29. Rxd8 Rxd8 30. Ned4 Be4 31. Nd6 fxe5 32. fxe5 Bc6 33. Rxg5 1-0

[Event "4NCL Online Division 2"]
[Site "online"]
[Date "2020.06.02"]
[Round "9.161"]
[White "Chan, Sheng Liang Bernard"]
[Black "Meadows, Michael"]
[Result "0-1"]
[WhiteElo "2102"]
[BlackElo "2012"]
[PlyCount "78"]
[EventDate "2020.06.02"]
[WhiteTeam "Yorkshire Universities"]
[BlackTeam "Downend 1"]

1. d4 g6 2. Nf3 Bg7 3. g3 d6 4. Bg2 Nd7 5. c4 e5 6. Nc3 Ne7 7. O-O O-O 8. e4
Nc6 9. Bg5 f6 10. Be3 Nb6 11. d5 Ne7 12. Qb3 f5 13. c5 Nd7 14. Ng5 Nf6 15. Rad1
f4 16. Bc1 Ne8 17. Ne6 Bxe6 18. dxe6 b6 19. cxd6 Nxd6 20. gxf4 exf4 21. e5 f3
22. exd6 fxg2 23. dxe7 gxf1=Q+ 24. Kxf1 Qxe7 25. Rd7 Qe8 26. Nd5 Bd4 27. Be3
Bxe3 28. e7 Rxf2+ 29. Ke1 Kg7 30. Qc3+ Kf7 31. Qxe3 Rf5 32. Rxc7 Rxd5 33. Qf3+
Rf5 34. Qb3+ Kg7 35. Qc3+ Rf6 36. Qe5 Qf7 37. Kd1 Re8 38. Rb7 Qe6 39. Qc3 Qd5+
0-1

[Event "4NCL Online Division 2"]
[Site "online"]
[Date "2020.06.02"]
[Round "9.162"]
[White "Thompson, Robert"]
[Black "Hopkins, Kit W"]
[Result "1-0"]
[WhiteElo "1985"]
[BlackElo "2102"]
[PlyCount "117"]
[EventDate "2020.06.02"]
[WhiteTeam "Downend 1"]
[BlackTeam "Yorkshire Universities"]

1. Nf3 d5 2. g3 Nf6 3. Bg2 e6 4. d4 Be7 5. O-O b5 6. a4 b4 7. c4 bxc3 8. bxc3
Ba6 9. Ne5 Nfd7 10. f4 O-O 11. Na3 Nxe5 12. fxe5 c5 13. Nb5 Nc6 14. e4 dxe4 15.
Bxe4 Rc8 16. Qg4 cxd4 17. Bh6 g6 18. Bxf8 Bxf8 19. Bxc6 Rxc6 20. cxd4 Rc4 21.
Qf3 Qd7 22. Rf2 Bb7 23. Qf6 Bg7 24. Qxf7+ Qxf7 25. Rxf7 Kxf7 26. Nd6+ Ke7 27.
Nxc4 Bh6 28. Kf2 Kd7 29. Ne3 Bg5 30. h4 Be7 31. Ng4 h5 32. Ne3 g5 33. hxg5 Bxg5
34. Ng2 Bc6 35. Rh1 Bxa4 36. Rxh5 Bd2 37. Rh7+ Kc6 38. Rxa7 Bb3 39. Ke2 Bc1 40.
Nf4 Bc4+ 41. Kf3 Bb2 42. Ke4 Bb3 43. Ra6+ Kb5 44. Rxe6 Bxe6 45. Nxe6 Kc6 46.
d5+ Kd7 47. g4 Ke7 48. g5 Kf7 49. Kf5 Kg8 50. g6 Bc3 51. d6 Ba5 52. d7 Bb6 53.
d8=Q+ Bxd8 54. Nxd8 Kf8 55. Kf6 Kg8 56. e6 Kf8 57. g7+ Kg8 58. e7 Kh7 59. e8=Q
1-0

[Event "4NCL Online Division 2"]
[Site "online"]
[Date "2020.06.02"]
[Round "9.163"]
[White "Leah, Tom"]
[Black "Williams, Stephen M"]
[Result "1-0"]
[WhiteElo "2065"]
[BlackElo "1892"]
[PlyCount "115"]
[EventDate "2020.06.02"]
[WhiteTeam "Yorkshire Universities"]
[BlackTeam "Downend 1"]

1. e4 d5 2. exd5 Nf6 3. d4 Bg4 4. Bb5+ Bd7 5. Be2 Nxd5 6. Nf3 e6 7. O-O Nc6 8.
c4 Nb6 9. Nc3 Bb4 10. Ne4 f5 11. Ng3 Be7 12. a3 Bf6 13. Nh5 O-O 14. Nxf6+ Qxf6
15. Bg5 Qg6 16. Bd2 Rad8 17. Bc3 Be8 18. Qc2 h5 19. b4 Qh6 20. b5 Ne7 21. Bb4
Qf6 22. h4 c6 23. a4 Kh8 24. Qc3 Rg8 25. Bxe7 Qxe7 26. Ng5 Nd7 27. Bf3 e5 28.
bxc6 exd4 29. Qxd4 Ne5 30. cxb7 Rxd4 31. b8=Q Rxh4 32. Rfe1 Nxf3+ 33. Nxf3 Re4
34. Qb2 Bc6 35. Rxe4 Qxe4 36. Qe5 Re8 37. Qxe4 Rxe4 38. Nd2 Rd4 39. Ra2 f4 40.
f3 g5 41. a5 g4 42. Kf1 gxf3 43. Nxf3 Rxc4 44. Ne5 Rc1+ 45. Kf2 Be4 46. Ra4
Rc2+ 47. Ke1 Kg7 48. Rxe4 Rxg2 49. Rxf4 Rg5 50. Nc4 Rg4 51. Rxg4+ hxg4 52. Kf2
Kf6 53. Nd6 Ke6 54. Nb5 Kd7 55. Nxa7 Kc7 56. Nb5+ Kb7 57. Nd4 Ka6 58. Nb3 1-0

[Event "4NCL Online Division 2"]
[Site "online"]
[Date "2020.06.02"]
[Round "9.164"]
[White "Burroughs, Adam"]
[Black "Bradey, Joseph B"]
[Result "1-0"]
[WhiteElo "1847"]
[BlackElo "1795"]
[PlyCount "47"]
[EventDate "2020.06.02"]
[WhiteTeam "Downend 1"]
[BlackTeam "Yorkshire Universities"]

1. e4 e5 2. Nf3 Nf6 3. Nc3 Nc6 4. d4 exd4 5. Nxd4 Bb4 6. Nxc6 Bxc3+ 7. bxc3
bxc6 8. Bd3 O-O 9. O-O h6 10. Re1 d6 11. Qf3 Be6 12. c4 Ng4 13. h3 Ne5 14. Qe2
Qh4 15. f4 Nxc4 16. f5 Bd5 17. exd5 Rae8 18. Qxe8 Rxe8 19. Rxe8+ Kh7 20. Rb1
Ne5 21. Rbb8 g5 22. Rh8+ Kg7 23. Rbg8+ Kf6 24. Bxg5+ 1-0

[Event "4NCL Online Division 3"]
[Site "online"]
[Date "2020.04.07"]
[Round "1.11"]
[White "Waterfield, John W"]
[Black "Bott, Simeon"]
[Result "0-1"]
[WhiteElo "1943"]
[BlackElo "1937"]
[PlyCount "92"]
[EventDate "2020.04.07"]
[WhiteTeam "Abergavenny and Friends"]
[BlackTeam "Warwick University B"]

1. e4 c5 2. c3 Nf6 3. e5 Nd5 4. Bc4 e6 5. Nf3 Nc6 6. O-O d6 7. d4 cxd4 8. cxd4
Be7 9. exd6 Qxd6 10. Nc3 Nxc3 11. bxc3 O-O 12. Re1 Na5 13. Bd3 b6 14. Bc2 Bb7
15. Qd3 g6 16. Bh6 Rfd8 17. Ne5 Rac8 18. Qg3 Bf8 19. Qf4 Rc7 20. Bxf8 Rxf8 21.
Re3 Qe7 22. Rh3 f6 23. Nf3 Rxc3 24. Be4 Qc7 25. Qxc7 Rxc7 26. Bxb7 Nxb7 27. Nd2
Rd8 28. Nb3 Nd6 29. Re3 Kf7 30. Rae1 Re8 31. g3 Nf5 32. Re4 Rc2 33. d5 e5 34.
Ra4 Re7 35. f4 Rcc7 36. fxe5 Rxe5 37. Rxe5 fxe5 38. Re4 Kf6 39. g4 Nd6 40. Re2
Rc4 41. g5+ Kf5 42. Kg2 e4 43. h4 Ke5 44. Nd2 Ra4 45. Nb3 Kxd5 46. Kg3 Nf5+ 0-1

[Event "4NCL Online Division 3"]
[Site "online"]
[Date "2020.04.07"]
[Round "1.12"]
[White "Karia, Rishul"]
[Black "Parry, Matthew"]
[Result "1-0"]
[WhiteElo "1870"]
[BlackElo "1903"]
[PlyCount "73"]
[EventDate "2020.04.07"]
[WhiteTeam "Warwick University B"]
[BlackTeam "Abergavenny and Friends"]

1. e4 Nf6 2. e5 Nd5 3. d4 Nb6 4. a4 a5 5. f4 d6 6. Nf3 Bg4 7. Nbd2 dxe5 8. fxe5
e6 9. c3 Be7 10. h3 Bh4+ 11. Ke2 Bh5 12. g4 Bg6 13. Nxh4 Qxh4 14. Nf3 Qe7 15.
Bg2 O-O 16. Bg5 f6 17. exf6 gxf6 18. Bh6 Rd8 19. h4 e5 20. Kf2 Nc4 21. h5 Bf7
22. g5 Nxb2 23. Qc2 e4 24. g6 Nd3+ 25. Kg1 Bd5 26. Nh4 Qe6 27. Bh3 Qb6 28. Bf5
hxg6 29. Qg2 g5 30. Bxg5 fxg5 31. Qxg5+ Kf7 32. Bg6+ Ke6 33. Rf1 Nd7 34. Bf7+
Kd6 35. Qg6+ Ke7 36. Nf5+ Kf8 37. Qg8# 1-0